[Event "Imperia op-A 46th"]
[Site "Imperia"]
[Date "2004.09.11"]
[Round "8"]
[White "Zanetti, Alberto"]
[Black "Unterfraumer, Albert"]
[Result "1-0"]
[WhiteElo "2191"]
[BlackElo "2167"]
[PlyCount "99"]
[EventDate "2004.09.05"]
[EventType "swiss"]
[EventRounds "9"]
[EventCountry "ITA"]
[SourceTitle "EXT 2005"]
[Source "ChessBase"]
[SourceDate "2004.11.15"]
[SourceVersion "1"]
[SourceVersionDate "2004.11.15"]
[SourceQuality "1"]

1. e4 c5 2. Nf3 e6 3. d4 cxd4 4. Nxd4 a6 5. c4 Qc7 6. Bd3 Nf6 7. 0-0 d6 8. Nc3 Nbd7 9. Nf3 b6 10. Bf4 Be7 11. Rc1 Bb7 12. b3 Nc5 13. Re1 Nxd3 14. Qxd3 Rd8 15. h3 Nd7 16. Qe2 0-0 17. Red1 Rfe8 18. Bg3 Qb8 19. Nh2 Nf6 20. Nf1 Qa8 21. f3 Nh5 22. Bf2 Nf4 23. Qd2 Bg5 24. Be3 e5 25. Kh2 Qc8 26. Nd5 f5 27. Nxb6 Qe6 28. Nd5 fxe4 29. fxe4 Qh6 30. Ng3 Bxd5 31. Nf5 Qf6 32. cxd5 g6 33. Ng3 Qg7 34. Re1 Qh6 35. Rc6 Qh4 36. Rxa6 Rf8 37. Rc1 Qh6 38. Rc3 Rf7 39. Nh1 Rdf8 40. Nf2 Nxh3 41. Nxh3 Bf4+ 42. Bxf4 exf4 43. Rxd6 Qh5 44. Re6 g5 45. Re5 h6 46. d6 f3 47. Rxf3 Rxf3 48. gxf3 Rxf3 49. Qd5+ Rf7 50. Rf5 1-0

[Event "Porto San Giorgio op 15th"]
[Site "Porto San Giorgo"]
[Date "2003.08.27"]
[Round "7"]
[White "Calandri, Fausto"]
[Black "Unterfraumer, Albert"]
[Result "1-0"]
[WhiteElo "2115"]
[BlackElo "2188"]
[PlyCount "101"]
[EventDate "2003.08.21"]
[EventType "swiss"]
[EventRounds "9"]
[EventCountry "ITA"]
[SourceTitle "CBM 095 Extra"]
[Source "ChessBase"]
[SourceDate "2003.09.04"]
[SourceVersion "1"]
[SourceVersionDate "2003.09.04"]
[SourceQuality "1"]

1. e4 c5 2. Nf3 e6 3. d4 cxd4 4. Nxd4 a6 5. Nc3 Qc7 6. Bd3 Nf6 7. 0-0 Be7 8. f4 Bc5 9. Be3 Nc6 10. Be2 b5 11. Qd3 Qa7 12. Rad1 Bxd4 13. Bxd4 Nxd4 14. Qxd4 b4 15. Nb1 a5 16. Bf3 Bb7 17. Rfe1 0-0 18. Qxa7 Rxa7 19. c4 Rd8 20. Kf2 Kf8 21. Rd4 Ne8 22. Nd2 Ke7 23. Rd1 Bc6 24. e5 Bxf3 25. Kxf3 Rc7 26. Ne4 Rc6 27. g4 f6 28. R1d3 fxe5 29. fxe5 d5 30. exd6+ Nxd6 31. Nxd6 Rcxd6 32. Rxd6 Rxd6 33. Rxd6 Kxd6 34. Ke4 g5 35. b3 Kc6 36. Ke5 Kd7 37. h3 Ke7 38. Ke4 Kd6 39. Kd4 Kc6 40. Ke5 Kd7 41. Kf6 h6 42. Kg6 Kd6 43. Kxh6 Kc5 44. Kxg5 e5 45. Kf5 Kd4 46. g5 e4 47. g6 e3 48. g7 e2 49. g8Q e1Q 50. Qd5+ Kc3 51. Qe5+ 1-0

[Event "Imperia op-A 43rd"]
[Site "Imperia"]
[Date "2001.09.09"]
[Round "9.23"]
[White "Musil, Vitezslav"]
[Black "Unterfraumer, Albert"]
[Result "1/2-1/2"]
[WhiteElo "2130"]
[BlackElo "2212"]
[PlyCount "63"]
[EventDate "2001.09.02"]
[EventType "swiss"]
[EventRounds "9"]
[EventCountry "ITA"]
[SourceTitle "EXT 2024"]
[Source "ChessBase"]
[SourceDate "2023.10.10"]
[SourceVersion "1"]
[SourceVersionDate "2023.10.10"]
[SourceQuality "1"]

1. e4 c5 2. Nf3 e6 3. d4 cxd4 4. Nxd4 a6 5. g3 Nf6 6. Bg2 Qc7 7. 0-0 Nc6 8. Nc3 Nxd4 9. Qxd4 Bc5 10. Qd1 Be7 11. Re1 d6 12. Bf4 e5 13. Bg5 Be6 14. a4 Rc8 15. Bf3 Rb8 16. Be3 b6 17. Be2 Bc4 18. Bxc4 Qxc4 19. Bg5 0-0 20. Bxf6 Bxf6 21. Nd5 Bd8 22. b3 Qc8 23. c4 f5 24. Ne3 f4 25. Qd5+ Kh8 26. Nf5 Bc7 27. f3 g6 28. Nxd6 Bxd6 29. Qxd6 Qc5+ 30. Qxc5 bxc5 31. gxf4 Rxb3 32. Rab1 1/2-1/2

[Event "Imperia op 29th"]
[Site "Imperia"]
[Date "1987.09.13"]
[Round "8.25"]
[White "Unterfraumer, Albert"]
[Black "Hoff, Terje"]
[Result "1-0"]
[WhiteElo "1900"]
[BlackElo "2000"]
[PlyCount "121"]
[EventDate "1987.09.06"]
[EventType "swiss"]
[EventRounds "8"]
[EventCountry "ITA"]
[SourceTitle "EXT 2023"]
[Source "ChessBase"]
[SourceDate "2022.10.05"]
[SourceVersion "1"]
[SourceVersionDate "2022.10.05"]
[SourceQuality "1"]

1. e4 d6 2. d4 Nf6 3. Nc3 g6 4. Nf3 Bg7 5. Bc4 c6 6. a4 0-0 7. 0-0 Nbd7 8. h3 e5 9. dxe5 dxe5 10. Be3 Qc7 11. Qe2 a5 12. Rfd1 Nh5 13. Qd2 Nf4 14. Qd6 Qd8 15. g3 Nh5 16. Kg2 Bf6 17. Rd2 Be7 18. Qd3 Qc7 19. Rad1 Nc5 20. Qe2 Ne6 21. Nh2 Bb4 22. Ng4 Bxc3 23. bxc3 Rb8 24. Bh6 Neg7 25. Bg5 Ne6 26. Nh6+ Kg7 27. Nf5+ Kg8 28. Ne7+ Kg7 29. Nf5+ Kg8 30. Bxe6 Bxe6 31. Nh6+ Kg7 32. Ng4 Bxg4 33. hxg4 Nf6 34. Qf3 Ng8 35. Rd7 Qc8 36. Be7 b5 37. Bd6 Qe8 38. Bxf8+ Qxf8 39. Ra7 Ra8 40. Rdd7 Rxa7 41. Rxa7 bxa4 42. Rxa5 a3 43. c4 Qb4 44. Qxa3 Qxc4 45. Qd3 Qe6 46. g5 h5 47. Qc3 f6 48. gxf6+ Kxf6 49. f4 Kf7 50. Qxe5 Nf6 51. Ra8 Nd7 52. Ra7 Ke7 53. Rxd7+ Kxd7 54. Qxe6+ Kxe6 55. g4 Kf6 56. gxh5 g5 57. fxg5+ Kxg5 58. Kf3 Kxh5 59. e5 Kg6 60. Kf4 c5 61. c4 1-0

[Event "Imperia op 29th"]
[Site "Imperia"]
[Date "1987.09.08"]
[Round "3.16"]
[White "Unterfraumer, Albert"]
[Black "Jurkovic, Ante"]
[Result "0-1"]
[WhiteElo "1900"]
[BlackElo "2230"]
[PlyCount "80"]
[EventDate "1987.09.06"]
[EventType "swiss"]
[EventRounds "8"]
[EventCountry "ITA"]
[SourceTitle "EXT 2023"]
[Source "ChessBase"]
[SourceDate "2022.10.05"]
[SourceVersion "1"]
[SourceVersionDate "2022.10.05"]
[SourceQuality "1"]

1. c4 g6 2. g3 Bg7 3. Nc3 d6 4. Bg2 Nc6 5. e4 Nd4 6. d3 e5 7. Nge2 Bg4 8. Qa4+ Bd7 9. Qd1 Nxe2 10. Qxe2 Ne7 11. Be3 0-0 12. Qd2 Nc6 13. 0-0 Be6 14. Rfc1 Qd7 15. b4 Nd8 16. Ne2 Bh3 17. d4 Bxg2 18. Kxg2 f5 19. exf5 Qxf5 20. dxe5 dxe5 21. Rab1 Ne6 22. Rb3 Rad8 23. Qc2 Qh5 24. f4 Bh6 25. Rf1 exf4 26. Bxf4 Bxf4 27. Nxf4 Nxf4+ 28. gxf4 Rd4 29. Rg3 Rdxf4 30. Rxf4 Rxf4 31. Qd3 Qe5 32. Qd8+ Kg7 33. Qd7+ Rf7 34. Qd3 Qb2+ 35. Kh1 Qxb4 36. Qd4+ Kg8 37. Qe4 Qb2 38. Qe8+ Kg7 39. Qe4 c6 40. Rg1 Qf6 0-1

[Event "Imperia op 29th"]
[Site "Imperia"]
[Date "1987.09.06"]
[Round "1.24"]
[White "Gresser, Gisela Kahn"]
[Black "Unterfraumer, Albert"]
[Result "0-1"]
[WhiteElo "2005"]
[BlackElo "1900"]
[PlyCount "58"]
[EventDate "1987.09.06"]
[EventType "swiss"]
[EventRounds "8"]
[EventCountry "ITA"]
[SourceTitle "EXT 2023"]
[Source "ChessBase"]
[SourceDate "2022.10.05"]
[SourceVersion "1"]
[SourceVersionDate "2022.10.05"]
[SourceQuality "1"]

1. e4 c5 2. Nf3 e6 3. d4 cxd4 4. Nxd4 a6 5. Bd3 Qc7 6. 0-0 Nf6 7. Nd2 b6 8. f4 d6 9. Kh1 Nbd7 10. N2f3 Bb7 11. Qe2 Be7 12. e5 dxe5 13. fxe5 Ng4 14. Bf4 h5 15. c3 g5 16. Nxg5 Bxg5 17. Bxg5 Qxe5 18. Qxe5 Ngxe5 19. Be2 Rg8 20. h4 f6 21. Nxe6 Ke7 22. Nd4 fxg5 23. Bxh5 gxh4 24. Nf3 h3 25. Rfe1 hxg2+ 26. Kg1 Kf6 27. Nxe5 Nxe5 28. Re3 Rh8 29. Be2 Rh1+ 0-1